| 000 | 00000nam 2200000zi 4500 |
| 001 | 9.560496 |
| 003 | CaOODSP |
| 005 | 20211126102550 |
| 007 | cr ||||||||||| |
| 008 | 150406s2006||||xxc|||||o f|0| 0 eng d |
| 040 | |aCaOODSP|beng |
| 043 | |an-cn--- |
| 086 | 1 |aYM32-6/05-62E-PDF |
| 100 | 1 |aCool, Julie, |eauthor. |
| 245 | 10|aWomen in Parliament / |cJulie Cool. |
| 264 | 1|bLibrary of Parliament, |cFebruary 20, 2006. |
| 300 | |a1 online resource (17 pages) : |btables. |
| 336 | |atext|btxt|2rdacontent |
| 337 | |acomputer|bc|2rdamedia |
| 338 | |aonline resource|bcr|2rdacarrier |
| 490 | 1 |a[Modular backgrounders] ; |vPRB 05-62E |
| 504 | |aIncludes bibliographical references. |
| 590 | |a06-14|b2006-04-07 |
| 690 | 07|aParliament|2gcpds |
| 690 | 07|aWomen|2gcpds |
| 710 | 1 |aCanada.|bLibrary of Parliament. |bParliamentary Research Branch, |eissuing body. |
| 775 | 08|tLes femmes au Parlement / |w(CaOODSP)9.593167 |
| 830 | #0|a[Modular backgrounders]|vPRB 05-62E|w(CaOODSP)9.504922 |
| 856 | 40|ahttp://publications.gc.ca|qPDF|s156 KB|uhttps://publications.gc.ca/collections/Collection-R/LoPBdP/PRB-e/PRB0562-e.pdf|yPRB 05-62E |